000 00960akm a2200385a 44500
008 060323s2001 cat
041 _acat
041 _beng
041 _bfre
041 _bspa
080 _a627.2(038)
245 _aEl Port
245 _aEl Puerto
245 _aLe Port
245 _aThe Harbour
245 _h[cartell]
260 _a[Barcelona]
260 _bGeneralitat de Catalunya. Direcció General de Ports i Transports
260 _bPort de Barcelona
260 _bPorts de la Generalitat
260 _c2001
300 _bil.
520 _a101
591 _a9115
592 _aObra terminològica
593 _aLC
594 _a9115
650 _aports
_963764
901 _c[<2001>]
902 _a060323
942 _cMO
_n0
999 _c63824
_d63824